Statistics for Name a Valid Country #1

Click here to take the quiz!

General Stats

  • This quiz has been taken 29,806 times
  • The average score is 15 of 20

Answer Stats

Name a country ... Answer % Correct
with land on the EquatorBrazil, D.R. Congo, Indonesia, ...
97%
completely surrounded by another countryLesotho, San Marino,Vatican City
91%
bordering only China and IndiaBhutan, Nepal
90%
considered by the U.S. to be a state sponsor of terrorismSyria, Iran, North Korea, Sudan
85%
bordering the Red SeaEgypt, Saudi Arabia, Yemen, ...
84%
bordering the Black SeaRomania, Russia, Turkey, ...
83%
with an average elevation over 3000 metersBhutan, Nepal, Tajikistan
80%
that grows more than 600,000 metric tons of coffeeBrazil, Vietnam, Colombia, Indonesia
79%
whose flag is only blue and yellowUkraine, Sweden, Kazakhstan, Palau
79%
whose flag is only blue and whiteGreece, Finland, Israel, ...
78%
on the island of BorneoBrunei, Indonesia, Malaysia
77%
touching Lake VictoriaKenya, Tanzania, Uganda
74%
whose capital starts with JIsrael, Indonesia, South Sudan
73%
that borders the Ivory CoastBurkina Faso, Ghana, Guinea, Liberia, Mali
72%
with an X in its nameLuxembourg, Mexico
63%
that averages less than 6 cm of precipitation per yearEgypt, Libya, Saudi Arabia
62%
that had no people in the year 600 ADIceland, New Zealand, ...
59%
that was a former colony that gained independence
from the Netherlands
Indonesia, Suriname
58%
that is recognized by JetPunk but not the UNKosovo, Taiwan
57%
whose population fell more than 5% between 2010 and 2017Syria, Bosnia, Lithuania, ...
50%

Score Distribution

Percentile by Number Answered

Percent of People with Each Score

Your Score History

You have not taken this quiz